• 首页
  • 本馆介绍
  • 公告通知
  • 最新文献
  • 馆藏检索
  • 电子资源
  • 读者导购
  • 参考咨询
  • 我的图书馆
  • 登录
  • 详细信息显示
  • 放入我的书架
  • 预约/预借图书
  • 作者相关作品
  • 分类相关作品
  • 丛书相关作品
  • 出版社相关作品

书目信息

  • 表格格式
  • 工作单格式
  • 卡片格式
题名:
孙子
    
 
作者: 孙武 孙膑
分册:  
出版信息:   甘肃民族出版社  
页数: 244
开本: 18cm
丛书名:
单 册:
中图分类: B223.9
科图分类:
主题词: 先秦哲学
电子资源:
ISBN: 7-5421-0482-9
000 00474nam0 2200181 450
001 0760515518
005 20070817164835.51
010    @a7-5421-0482-9@d¥10.80
100    @a20070817d km y0chiy0120 ea
101 0  @achi
200 1  @a孙子@Asun zi@f孙武 孙膑@Fsun wu sun bin
210    @c甘肃民族出版社
215    @a244@d18cm
606 0  @a先秦哲学
690    @aB223.9@v3
701  0 @a孙武 孙膑@Asun wu sun bin
801  0 @aCN@bPFT@c20070817
905    @a213230@dB223.9@eg7@f1
    
    孙子/孙武 孙膑.-甘肃民族出版社
    244;18cm
    
    
    ISBN 7-5421-0482-9:¥10.80
    
●
相关链接 在E读中查询图书 在五车中查询图书 在当当中查询图书 在豆瓣中查询图书


正题名:孙子     索取号:B223.9/g7         预约/预借

序号 登录号 条形码 馆藏地/架位号 状态 备注
1 6500238   265002383   经管系资料室/ [索取号:B223.9/g7] 在馆    
唐山师范学院图书馆 欢迎您!
大连网信软件有限公司© 版权所有